000 01001cab a2200229 4500
001 X90112
008 090401t1998 xxu||||| |||| 00| 0 eng d
035 _a(Sirsi) u84563
041 _aeng
245 _aSouth Gloucestershire Council and Avon Turf
260 _c1998
350 _a0
490 _aPlanning Appeal Decisions
_v[1998] 13 PAD 135-139(5)
520 _aEnforcement notice - planning refusal - soil mixing, grading and use - turf production - change of use - green belt - PPG2 - earth machinery - encroachment into countryside - adverse impact on landscape and rural character of locality - no comelling reasons for not granting planning permission - but notice upheld in case condition attached to permission not complied with. HEADNOTE FROM JOURNAL.
650 _aENFORCEMENT NOTICE
650 _aGREEN BELT
650 _aSOUTH GLOUCESTERSHIRE COUNCIL AND AVON TURF
650 _aTOPSOIL
690 _aPLANNING LAW AND PRACTICE-CASE LAW
942 _n0
948 _c27/02/1998
999 _c53150
_d53150